000 00906cam a2200265 4500
008 090401t1992 xxu||||| |||| 00| 0 eng d
020 _a0951828436
035 _a(Sirsi) u18515
041 _aeng
050 _a690.51
100 _aPowell, Kenneth
245 _aVauxhall Cross: the story of the design and construction of a new London landmark.
260 _aLondon
_bWordsearch Publishing Ltd.
_c1992
300 _a81p. : ill. ; 22x24cm.
350 _a0
520 _aBuilding designed by Terry Farrell & Company for the headquarters of a Government Department and developed by Regalian Properties plc.
650 _aBUILT ENVIRONMENT-CONSTRUCTION DESIGN
650 _aGOVERNMENT BUILDINGS
650 _aREGALIAN PROPERTIES PLC
650 _aTERRY FARRELL & COMPANY
650 _aVAUXHALL CROSS
690 _aBUILT ENVIRONMENT-CONSTRUCTION DESIGN
942 _n0
948 _c04/03/1997
999 _c87600
_d87600